English Football Champions (4 Tiers, 30 Years) - Statistics

General Stats
  • This quiz has been taken 147 times
    94 since last reset
  • The average score is 30 of 57
Answer Stats
Answer % Correct
Liverpool
98%
Manchester City
96%
Arsenal
95%
Manchester United
95%
Chelsea
91%
Leicester City
91%
Leeds United
80%
Newcastle United
77%
Norwich City
71%
Burnley
70%
Nottingham Forest
70%
Sheffield United
68%
Birmingham City
67%
Sunderland
67%
Luton Town
66%
Brighton & Hove Albion
63%
Brentford
61%
Fulham
61%
Bournemouth
59%
Wolverhampton Wanderers
59%
Hull City
57%
Wigan Athletic
57%
Portsmouth
56%
Plymouth Argyle
55%
Watford
55%
West Bromwich Albion
54%
Bolton Wanderers
52%
Queens Park Rangers
52%
Reading
52%
Cardiff City
51%
Bristol City
50%
Coventry City
50%
Millwall
50%
Notts County
50%
Swansea City
49%
Milton Keynes Dons
45%
Preston North End
45%
Charlton Athletic
44%
Doncaster Rovers
41%
Swindon Town
41%
Northampton Town
38%
Leyton Orient
37%
Carlisle United
34%
Chesterfield
33%
Stockport County
33%
Lincoln City
32%
Cheltenham Town
29%
Gillingham
29%
Yeovil Town
29%
Bury
27%
Walsall
27%
Accrington Stanley
26%
Burton Albion
26%
Southend United
24%
Forest Green Rovers
21%
Scunthorpe United
21%
Rushden & Diamonds
10%
No matching quizzes found
Score Distribution
Percent of People with Each Score
Percentile by Number Answered
Your Score History
You have not taken this quiz since the last reset